000 00631nam a22002177a 4500
003 UA-OsUOA
001 108404
007 ta
008 20141020b un ||||| |||| 00| 0 ukr d
100 _aТорб'як М.
090 _a330(477)
_bТ59
942 _cSA
040 _aUA-OsUOA
_bukr
_cUA-OsUOA
_dUA-OsUOA
245 _aРозвиток страхового ринку у національній економіці
300 _aС.26-33
955 _a0
041 _aukr
080 _a330(477)
773 0 _w108400
_tБанківська справа
_dК.
_d2014
_g6
650 7 _a330 Економіка взагалі
_2UDC
999 _c394433
_d394433